| 000 | 00703nam a2200217Ia 4500 | ||
|---|---|---|---|
| 001 | 33217 | ||
| 003 | IN-NITTTR | ||
| 005 | 20251114233437.0 | ||
| 008 | 251113s9999||||xx |||||||||||||| ||eng|| | ||
| 040 | _beng | ||
| 040 | _cIN-NITTTR | ||
| 041 | _aeng | ||
| 082 | _aTA1-2040 | ||
| 100 | _aSa, Pankaj Kumar. | ||
| 245 | 0 |
_aProgress in Intelligent Computing Techniques - Theory, Practice, and Applications : _b Proceedings of ICACNI 2016, Volume 1 / _cSa, Pankaj Kumar., Sahoo, Manmath Narayan., Murugappan, M., Wu, Yulei., Majhi, Banshidhar. |
|
| 700 | _a Majhi, Banshidhar. | ||
| 700 | _a Murugappan, M. | ||
| 700 | _a Sahoo, Manmath Narayan. | ||
| 700 | _a Wu, Yulei. | ||
| 942 |
_2ddc _cBK |
||
| 999 |
_c35670 _d35670 |
||